000 01864nam a2200337 a 4500
001 20146903
008 190129s2017 ||||||||||||||||| || u
010 _a2017301137
020 _a9780544911130 (hardcover)
020 _a054491113X (hardcover)
050 _aHG 101 Des
100 _aDesai, Mihir A
245 1 4 _aThe wisdom of finance : discovering humanity in the world of risk and return
_cby Mihir A. Desai.
260 _aBoston
_bHoughton Mifflin Harcourt
_c2017
300 _axiii, 223 p. : ill.
337 _aunmediated
338 _avolume
_2rdacarrier
350 _a6.52
500 _aIncludes bibliographical references (pages 182-214) and index.
520 _aThe Harvard Business School professor draws upon literature, film, philosophy, and history to argue that, at the core of finance and financial practices, there is a place for principles, ethics, and humanity.
650 7 _aBUSINESS & ECONOMICS - CORPORATE FINANCE
_2bisacsh
650 0 _aFINANCE - SOCIAL ASPECTS
650 0 _aSOCIAL RESPONSIBILITY OF BUSINESS
650 7 _aBUSINESS & ECONOMICS - INSURANCE
_2bisacsh
650 7 _aBUSINESS & ECONOMICS - COMMERCE
_2bisacsh
995 _aMAIN LIBRARY OPEN ACCESS
_e748770
_FCBU-MAIN LIBRARY (Kitwe)
_I6.52
_jHG 101 Des
_M1
_UAVAILABLE
_WJan 29, 2019
_y748770
_ZMain Library Open Access Collection
995 _aANNEX COLLECTION (Main Library)
_e748772
_FCBU-MAIN LIBRARY (Kitwe)
_I6.52
_jHG 101 Des
_M3
_UAVAILABLE
_WJan 29, 2019
_y748772
_ZAnnex Low-Usage Collection
995 _aMAIN LIBRARY OPEN ACCESS
_e748771
_FCBU-MAIN LIBRARY (Kitwe)
_I6.52
_jHG 101 Des
_M2
_UAVAILABLE
_WJan 29, 2019
_y748771
_ZMain Library Open Access Collection
995 _aANNEX COLLECTION (Main Library)
_e748773
_FCBU-MAIN LIBRARY (Kitwe)
_I6.52
_jHG 101 Des
_M4
_UAVAILABLE
_WJan 29, 2019
_y748773
_ZAnnex Low-Usage Collection
999 _c83147
_d83147